00618 2200229 4500001002100000005001700021008004100038020001900079035002400098082000800122090001500130100001800145245007000163250001100233260004200244300002800286650001800314700002000332850001500352985000600367999001500373YOGYA-0209000002868920090227024245.0 ind  a979-8311-881-7 0010-020900000028689 a927 a927bHar S aHARJO, Seno M aSepuluh tokoh showbiz masuk IndonesiacSeno M. Hardjo ... [et.al] aCet. 1 aJakartabGramedia Pustaka Utamac1991 ax, 162 hlmbilusc23 cm aMusik - Tokoh aUTOMO, G. Priyo aYOPDYOG(B) a1 a95P0062111